000 00925nam a2200277Ia 4500
005 20220316235428.0
008 121119s1996 mx a gr 000 0 spa
020 _a9681648633
041 0 _aspa
100 1 _aMolina, Alicia
_d1945-
245 1 3 _aEl zurcidor del tiempo
_cAlicia Molina ; ilustraciones de Enrique Martínez
250 _aPrimera edición
300 _a60 páginas
_bilustraciones
_c19 cm
490 0 _aA la orilla del viento : para los que leen bien
650 1 4 _aAutores mexicanos
_2LEMB
650 1 4 _aLiteratura infantill
_2LEMB
650 1 4 _aLiteratura mexicana
_ySiglo XX
_2LEMB
700 1 _aMartínez, Enrique
_eilustrador
_937315
942 _2loc
_cBKLIT
264 _aMéxico
_bFondo de Cultura Económica
_c1996
336 _atexto
_btxt
_2rdacontent
337 _asin mediación
_bn
_2rdamedia
338 _avolumen
_bnc
_2rdacarrier
040 _aCO-BoRNBP
_bspa
_erda
_cCO-BoRNBP
084 _aN MOL3
999 _c932
_d932